000 00496nam a2200181Ia 4500
003 OSt
005 20240930154226.0
008 210210b xxu||||| |||| 00| 0 eng d
040 _cAL
041 _aKannada
082 _a859/1439
100 _aRAVINDRANATHA THAKURA
_9150026
_dಠಾಕೂರ, ರವೀಂದ್ರನಾಥ
245 _aChaturanga
_bಚತುರಂಗ
260 _aBengaluru
_bNetravati Prakashana
690 _aKannada Fiction
_9150027
906 _a022172
942 _2ddc
_cBK
999 _c146277
_d146277